000 00701nam a2200241 i 4500
001 C2-0101914
003 PPAK
005 20180727095942.0
008 970602s1995 io a|||| ||||| | eng d
020 _a9798026349
040 _aPPAK
_beng
_cPPAK
_erda
082 0 4 _a341.44
_223
090 0 0 _a341.44
_bHAS
_dG
100 0 _aHasjim Djalal,
_eauthor
245 1 0 _aIndonesia anf the law of the sea
264 1 _aJakarta, Indonesia :
_bCentre for Strategic and International Studies ,
_c1995
300 _aviii, 449 pages :
_billustrations ;
_c21 cm
336 _2rdacontent
_atext
337 _2rdamedia
_aunmediated
338 _2rdacarrier
_avolume
650 1 0 _aLaw of the sea
942 _ddc
_cB
999 _c23605
_d23605